00305nam a2200121Ia 4500008004100000041000800041082001200049100002400061245001800085260003800103300003100141365001100172240624s9999 xx 000 0 und d aeng a339 MCE aMCEACHERN WILLIAM A aMACROECONOMIC c2014aNew DelhibCengage Learning axiv, : 446 : p. : cm. ; 26 cRSb31